Sociología de la locura
Enregistré dans:
| Auteur principal: | |
|---|---|
| Format: | Livre |
| Langue: | espagnol |
| Publié: |
Santiago
Cuarto Propio
2006
|
| Édition: | 1a. ed |
| Collection: | Colección Historia Cultural
|
| Sujets: | |
| Tags: |
Ajouter un tag
Pas de tags, Soyez le premier à ajouter un tag!
|
MARC
| LEADER | 00000nam a2200000 a 4500 | ||
|---|---|---|---|
| 001 | UCI4068 | ||
| 003 | CL-VaPUC | ||
| 008 | 071214e20060000CL |||||||||||||||||spa|d | ||
| 020 | |a 9562603636 | ||
| 082 | 0 | 4 | |a 801.95 |b GOM |2 21 |
| 100 | |a Gómez Correa, Enrique |e author |9 376802 | ||
| 245 | 1 | 0 | |a Sociología de la locura |
| 250 | |a 1a. ed | ||
| 300 | |a 240 p | ||
| 942 | |c BK | ||
| 945 | |d 20071214 00:00:00 |a jtorresc | ||
| 260 | |a Santiago |b Cuarto Propio |c 2006 | ||
| 500 | |a Selección, estudio y edición de Cesár Cuadra y Luis G. de Mussy R | ||
| 650 | 0 | |a Escritores chilenos |9 420370 | |
| 650 | 0 | |a Crítica literaria |9 269189 | |
| 583 | |a last modification |c 20071214 00:00:00 |k Rodrigo Vera | ||
| 490 | 0 | |a Colección Historia Cultural | |
| 999 | |c 328064 |d 328062 | ||
| 952 | |0 0 |1 0 |4 0 |6 801_950000000000000_GOM_2006 |7 0 |8 A |9 411789 |a BIBEDU |b BIBEDU |d 2019-11-22 |i 4396871 |l 2 |o 801.95 GOM 2006 |p 4396871 |r 2024-05-10 |s 2024-05-10 |w 2019-11-22 |y BK |k LIT | ||